000 04385cam a2200421 i 4500
001 896906355
003 OCoLC
005 20180904162146.0
008 141028t20152015moua b 001 0 eng
015 _aGBB4D0649
_2bnb
020 _a9781455745913
_q(hbk.)
020 _a145574591X
_q(hbk.)
035 _a(OCoLC)896906355
_z(OCoLC)877372454
040 _aNLM
_beng
_erda
_cNLM
_dUKMGB
_dYDXCP
_dGWM
_dOCLCF
_dLANGC
_dMXC
042 _anlmcopyc
050 4 _aRB111
_b.G66 2015
060 0 0 _a2015 C-490
060 1 0 _aQZ 140
082 0 4 _a616.0702461582
_223
_bGCP
100 1 _aGoodman, Catherine Cavallaro,
_eauthor
_936100
245 1 0 _aPathology :
_bimplications for the physical therapist /
_cCatherine Cavallaro Goodman, Kenda S. Fuller
250 _aFourth edition
300 _axviii, 1782 pages :
_billustrations ;
_c29 cm
504 _aIncludes bibliographical references and index
505 0 _aPt. 1. Introduction. Introduction to concepts of pathology / Catherine Cavallaro Goodman -- Behavioral, social, and environmental factors contributing to disease and dysfunction / Tamara L. Burlis, Susan S. Deusinger, Denise Gaffigan-Bender -- The psychosocial-spiritual impact on health care / Susan Ann Talley, Beth Anne Fisher, Kathleen J. Pantano, Darino Sargeant, Kimberly Dunleavy, Bonnie Yost -- Environmental and occupational medicine / Lynzie Schulte -- Problems affecting multiple systems / Celeste Peterson, Meredith A. Wampler, Joy C. Cohn, Lara A. Firrone -- Injury, inflammation, healing, and repair / Rolando T. Lazaro, Annie Burke-Doe --
505 0 _aPt. 2. Clinical medicine. The immune system / Joseph A. Fraietta, David M Kietrys -- Infectious disease / Kim Levenhagen, Celeste Peterson -- Oncology / Charles L. McGarvey, Lisa VanHoose, Mary Calys, Joseph A. Fraietta -- The integumentary system / Harriett B. Loehne, Alan W. Chong Lee -- The endocrine and metabolic systems / Catherine Cavallaro Goodman, Gina Pariser -- The cardiovascular system / Irina V. Smirnova -- The lymphatic system / Bonnie Lasinski -- The hematologic system / Celeste Peterson, Catherine Cavallaro Goodman -- The respiratory system / Lora Packel -- The gastrointestinal system / Celeste Peterson, Catherine Cavallaro Goodman -- The hepatic, pancreatic, and biliary systems / Catherine Cavallaro Goodman, Celeste Peterson -- The renal and urologic systems / Michael S. Castillo, Janice T. Dinglasan, Beth Shelly, Kathleen L. Allen -- The male genital/reproductive system / Lisa A. Massa, Beth Shelly -- The female genital/reproductive system / Beth Shelly, Valerie Wang, Holly Tanner, Patricia M. King -- Transplantation / Chris L. Wells, Courtney Frankel, Eva Gold, G. Stephen Morris --
505 0 _aPt. 3. Pathology of the musculoskeletal system. Introduction to pathology of the musculoskeletal system / Kevin Helgeson -- Genetic and developmental disorders / Allan M. Glanzman -- Metabolic disorders / Kevin Helgeson -- Infectious diseases of the musculoskeletal system / Kevin Helgeson -- Musculoskeletal neoplasms / Kevin Helgeson -- Soft-tissue, joint, and bone disorders / Kevin Helgeson
505 0 _aPt. 4. Pathology of the nervous system. Introduction to central nervous system disorders / Kenda S. Fuller -- Infectious disorders of the central nervous system / Kenda S. Fuller -- Central nervous system neoplasms / Stephen A. Gudas -- Degenerative diseases of the central nervous system / Kenda S. Fuller, Erica Demarch, Patricia A. Winkler -- Stroke / Kenda S. Fuller -- Traumatic brain injury / Karen L. McCulloch, Kenda S. Fuller -- Traumatic spinal cord injury / Candy Tefertiller, Laura S. Wehrli, Kenda S. Fuller -- Cerbral palsy / Allan M. Glanzman -- Seizures and epilepsy / Kenda S. Fuller -- Headache / Kenda S. Fuller, Heather Campbell -- Vestibular disorders / Kenda S. Fuller -- The peripheral nervous system / Robyn Gisbert, Kenda S. Fuller -- Laboratory tests and values / Glenn Irion
650 1 2 _aPathology
_964811
650 2 2 _aMusculoskeletal System
_xpathology
_964812
650 2 2 _aNervous System
_xpathology
_964813
650 2 2 _aPhysical Therapy Modalities
_964814
650 0 _aPhysiology, Pathological
_vHandbooks, manuals, etc
_910649
650 0 _aPhysical therapy assistants
_vHandbooks, manuals, etc
_964815
655 7 _aHandbooks, manuals, etc.
_2fast
_964816
700 1 _aFuller, Kenda S.,
_eauthor
_964817
942 _2ddc
_cBOOK
999 _c42747
_d312367